La pedagogie experimentale

Αποθηκεύτηκε σε:
Λεπτομέρειες βιβλιογραφικής εγγραφής
Κύριος συγγραφέας: Mialaret, Gaston
Μορφή: Βιβλίο
Γλώσσα:English
Δημοσίευση: Paris : Universitaires de France, 1984.
Έκδοση:2e ed.
Σειρά:Que sais-je? 2155
Θέματα:
Ετικέτες: Προσθήκη ετικέτας
Δεν υπάρχουν, Καταχωρήστε ετικέτα πρώτοι!

MARC

LEADER 00000cam a2200000 i 4500
001 1/545
008 950704s1984 fr | ||| |||| ||eng||
020 |a 2130440916 
035 |l 10014120 
040 |a GR-MyUa  |b gre  |e AACR2 
041 0 |a eng 
082 7 |a 370.1   |2 (22) 
100 1 |a Mialaret, Gaston. 
245 1 3 |a La pedagogie experimentale /   |c Gaston Mialaret. 
250 |a 2e ed. 
260 |a Paris :   |b Universitaires de France,   |c 1984. 
300 |a 127 σ. ;   |c 18 εκ. 
490 1 |a (Que sais-je? ;   |v 2155) 
504 |a Περιέχει βιβλιογραφικές παραπομπές. 
650 0 0 |a Education. 
650 0 0 |a Education  |x Experimental methods. 
830 0 |a Que sais-je?  |v 2155 
852 |a INST  |b LESVOS  |e 19950704  |h 370.1 MIA  |p 005100008132  |q 005100008132  |t BK  |y 0